The gurkha and the Lord of Tuesday / (Record no. 12676)
[ view plain ]
| 000 -LEADER | |
|---|---|
| fixed length control field | 01994nam a2200349 a 4500 |
| 001 - CONTROL NUMBER | |
| JCCL Control Number | 12676 |
| 003 - CONTROL NUMBER IDENTIFIER | |
| JCCL marc code | BD-JhCC |
| 005 - DATE AND TIME OF LATEST TRANSACTION | |
| control field | 20221117085631.0 |
| 008 - FIXED-LENGTH DATA ELEMENTS--GENERAL INFORMATION | |
| fixed length control field | 221117s2019 nyu 000 1 eng d |
| 020 ## - INTERNATIONAL STANDARD BOOK NUMBER | |
| International Standard Book Number | 9781250209115 |
| 020 ## - INTERNATIONAL STANDARD BOOK NUMBER | |
| Cancelled/invalid ISBN | 9781250209108 |
| 035 ## - SYSTEM CONTROL NUMBER | |
| system control number | (BD-JhCC)12676 |
| 040 ## - CATALOGING SOURCE | |
| Original cataloging agency | YDX |
| Transcribing agency | YDX |
| Description conventions | rda |
| Modifying agency | BDX |
| -- | UKMGB |
| -- | OCLCO |
| -- | OCLCF |
| -- | JSE |
| -- | OCLCO |
| -- | GO6 |
| -- | UAP |
| -- | NZAUC |
| -- | OCLCQ |
| -- | ILC |
| -- | DLC |
| -- | BD-JhCC |
| 041 ## - LANGUAGE CODE | |
| Language code of Book | eng |
| 050 00 - LIBRARY OF CONGRESS CALL NUMBER | |
| Classification number | PR9420.9.H675 |
| Item number | G87 2019 |
| 082 04 - DEWEY DECIMAL CLASSIFICATION NUMBER | |
| Classification number | 823/.92 |
| DDC Edition number | 23 |
| Author mark and Year | HOS 2019 |
| 100 1# - MAIN ENTRY--PERSONAL NAME | |
| Personal name | Hossain, Saad Z., |
| 245 14 - TITLE STATEMENT | |
| Title | The gurkha and the Lord of Tuesday / |
| Statement of responsibility, etc | Saad Z. Hossain. |
| 250 ## - EDITION STATEMENT | |
| Edition statement | First edition. |
| 260 ## - PUBLICATION, DISTRIBUTION, ETC. (IMPRINT) | |
| Place of publication, distribution, etc | New York : |
| Name of publisher, distributor, etc | A Tom Doherty Associates Book, |
| Date of publication, distribution, etc | 2019 |
| 300 ## - PHYSICAL DESCRIPTION | |
| Pagination | 167 pages ; |
| Dimensions | 21 cm |
| 500 ## - GENERAL NOTE | |
| General note | "A Tor.com." |
| 520 ## - SUMMARY, ETC. | |
| Summary, etc | "When the djinn king Melek Ahmar wakes up after millennia of imprisoned slumber, the world is vastly different from what he remembers. Arrogant and bombastic, he comes down the mountain expecting an easy conquest: the wealthy, spectacular city-state of Kathmandu, ruled by the all-knowing, all-seeing tyrant Al Karma. To his surprise, he finds that Kathmandu is a cut-price paradise, where citizens want for nothing and even the dregs of society are distinctly unwilling to revolt. Everyone seems happy, except for the old Gurkha soldier Bhan Gurung. Knife saint, recidivist, and mass murderer, he is an exile from Kathmandu, pursuing a forty-year-old vendetta that leads to the very heart of Karma. Pushed and prodded by Gurung, Melek Ahmar finds himself in ever deeper conflicts until they finally face off against Karma and her forces. In the upheaval that follows, old crimes come to light and the city itself may be forced to change forever."-- |
| 650 #0 - SUBJECT ADDED ENTRY--TOPICAL TERM | |
| Topical term or geographic name as entry element | Jinn |
| Form subdivision | Fiction. |
| 650 #0 - SUBJECT ADDED ENTRY--TOPICAL TERM | |
| Topical term or geographic name as entry element | Magic |
| Form subdivision | Fiction. |
| 651 #0 - SUBJECT ADDED ENTRY--GEOGRAPHIC NAME | |
| Geographic name | Kathmandu (Nepal) |
| Form subdivision | Fiction. |
| 655 #7 - | |
| Genre/form data or focus term | Fantasy fiction. |
| Source of term | fast |
| 655 #7 - | |
| Genre/form data or focus term | Fantasy fiction. |
| Source of term | gsafd |
| 655 #7 - | |
| Genre/form data or focus term | Fantasy fiction. |
| Source of term | lcgft |
| 655 #7 - | |
| Genre/form data or focus term | Novellas. |
| Source of term | lcgft |
| 942 ## - ADDED ENTRY ELEMENTS (KOHA) | |
| Source of classification or shelving scheme | Dewey Decimal Classification |
| Koha item type | Books |
| Source of classification or shelving scheme | Damaged status | Not for loan | Home library | Current library | Shelving location | Date of accession | Cost, normal purchase price | Total Checkouts | Full call number | Barcode | Date last seen | Date checked out | Copy number | Koha item type |
|---|---|---|---|---|---|---|---|---|---|---|---|---|---|---|
| Dewey Decimal Classification | JCC Rouf Library | JCC Rouf Library | General Stacks | 11/17/2022 | 728.00 | 9 | 823/.92 HOS 2019 | 17102 | 07/02/2025 | 06/16/2025 | C-1 | Books |